Twenty-one days in India, or, The tour of Sir Ali Baba, K.C.B. / (Record no. 23843)

MARC details
000 -LEADER
fixed length control field 01157cam a2200337 a 4500
001 - CONTROL NUMBER
control field 1499476
003 - CONTROL NUMBER IDENTIFIER
control field BDDh-ASL
005 - DATE AND TIME OF LATEST TRANSACTION
control field 20231015030308.0
008 - FIXED-LENGTH DATA ELEMENTS--GENERAL INFORMATION
fixed length control field 930603s19101882enka 000 0 eng d
010 ## - LIBRARY OF CONGRESS CONTROL NUMBER
LC control number 88159534
035 ## - SYSTEM CONTROL NUMBER
System control number (OCoLC)11832034
040 ## - CATALOGING SOURCE
Original cataloging agency ScU
Transcribing agency ScU
Modifying agency DLC
-- BDDh-ASL
042 ## - AUTHENTICATION CODE
Authentication code lccopycat
043 ## - GEOGRAPHIC AREA CODE
Geographic area code a-ii---
050 04 - LIBRARY OF CONGRESS CALL NUMBER
Classification number DS413
Item number .A24 1882
082 ## - DEWEY DECIMAL CLASSIFICATION NUMBER
Classification number 923.254
Item number ABT
100 1# - MAIN ENTRY--PERSONAL NAME
Personal name Aberigh-Mackay, George,
Dates associated with a name 1848-1881.
245 10 - TITLE STATEMENT
Title Twenty-one days in India, or, The tour of Sir Ali Baba, K.C.B. /
Statement of responsibility, etc. by George Aberigh-Mackay.
250 ## - EDITION STATEMENT
Edition statement New ed. /
Remainder of edition statement with ill., rev. and corrected by the author.
260 ## - PUBLICATION, DISTRIBUTION, ETC.
Place of publication, distribution, etc. London :
Name of publisher, distributor, etc. W. H. Allen,
Date of publication, distribution, etc. 1882.
-- 1910.
300 ## - PHYSICAL DESCRIPTION
Extent 231 p., 60 p. :
Other physical details ill. ;
Dimensions 19 cm.
530 ## - ADDITIONAL PHYSICAL FORM AVAILABLE NOTE
Additional physical form available note Also available in digital form.
651 #0 - SUBJECT ADDED ENTRY--GEOGRAPHIC NAME
Geographic name India
General subdivision Description and travel.
651 #0 - SUBJECT ADDED ENTRY--GEOGRAPHIC NAME
Geographic name India
General subdivision Social life and customs.
740 0# - ADDED ENTRY--UNCONTROLLED RELATED/ANALYTICAL TITLE
Uncontrolled related/analytical title 21 days in India.
740 0# - ADDED ENTRY--UNCONTROLLED RELATED/ANALYTICAL TITLE
Uncontrolled related/analytical title Tour of Sir Ali Baba, K.C.B.
856 41 - ELECTRONIC LOCATION AND ACCESS
Uniform Resource Identifier <a href="http://hdl.loc.gov/loc.gdc/scd0001.00102600769">http://hdl.loc.gov/loc.gdc/scd0001.00102600769</a>
906 ## - LOCAL DATA ELEMENT F, LDF (RLIN)
a 7
b cbc
c copycat
d 3
e ncip
f 19
g y-gencatlg
942 ## - ADDED ENTRY ELEMENTS (KOHA)
Source of classification or shelving scheme Dewey Decimal Classification
Koha item type Books
Holdings
Withdrawn status Lost status Source of classification or shelving scheme Damaged status Not for loan Collection code Home library Current library Shelving location Date acquired Source of acquisition Total Checkouts Full call number Barcode Date last seen Copy number Price effective from Koha item type Public note
    Dewey Decimal Classification Damaged Not For Loan Non-fiction Asiatic Society Library Asiatic Society Library General Stacks 04/06/2021 ASB Library Collections   923.254 ABT 108388 04/06/2021 C-1 04/06/2021 Books Rare

Powered by Koha